000 00351nam a22001217a 4500
008 140320t xxu||||| |||| 00| 0 eng d
020 _a0-444-51594-1
100 _aJ. Zlatanova and S.H. Leuba
_9793
240 _aNew comprehensive biochemistry volume 39
245 _aChromatin Structure and Dynamics: State-of-the-art
300 _a507
942 _2ddc
_cBK
999 _c17045
_d17045